000
00288nam a2200121Ia 4500
008
220204s9999 xx 000 0 und d
082
_a
334
_b
VEN
100
_a
VENUGOPAL, P V
245
0
_a
Cooperation
260
_a
Kottayam
_b
Vidyarthimithram
_c
1978
650
_a
Cooperation
942
_c
BK
999
_c
31460
_d
31460